[Event "Skakligaen 2023-24"]
[Site "Denmark"]
[Date "2024.04.06"]
[Round "8.7"]
[Board "7"]
[White "Easwaralingam, Adesh"]
[Black "Jensen, Tobias Ilsoe"]
[Result "1/2-1/2"]
[WhiteElo "2158"]
[BlackElo "2171"]
[PlyCount "74"]
[WhiteTeam "Fredericia"]
[BlackTeam "Frem"]
[WhiteTeamCountry "DEN"]
[BlackTeamCountry "DEN"]
[EventDate "2023.10.28"]
[EventType "team-tourn"]
[EventRounds "9"]
[EventCountry "DEN"]
[SourceTitle "Live v. Kasper Jerwiarz"]
[Table "7"]

1. e4 c5 2. Nf3 d6 3. Bb5+ Nd7 4. a4 a6 5. Be2 Ngf6 
6. Nc3 g6 7. O-O Bg7 8. d4 cxd4 9. Nxd4 O-O 10. a5 Nc5 
11. Bf3 Qc7 12. Bg5 e6 13. Qd2 Rb8 14. Rfd1 b5 15. axb6 Rxb6 
16. b4 Ncd7 17. Rab1 Ne5 18. Be2 Bd7 19. f3 Rc8 20. Na2 Nc4 
21. Qd3 Ba4 22. Rdc1 Nd7 23. f4 h6 24. Bh4 e5 25. Nc3 Nb2 
26. Rxb2 Qxc3 27. Qxc3 Rxc3 28. fxe5 dxe5 29. Nf3 Bf8 30. Be1 Rc8 
31. Ra2 Bb3 32. Rxa6 Rxa6 33. Bxa6 Rxc2 34. Rxc2 Bxc2 35. Bb5 Nf6 
36. Nxe5 Bxe4 37. Bc4 Nd5 1/2-1/2

[Event "Skakligaen 2023-24"]
[Site "Denmark"]
[Date "2024.04.06"]
[Round "8.8"]
[Board "8"]
[White "Jensen, Michael Agermose"]
[Black "Guindy, Esmat Susanne"]
[Result "1-0"]
[WhiteElo "2009"]
[BlackElo "2040"]
[PlyCount "61"]
[WhiteTeam "Frem"]
[BlackTeam "Fredericia"]
[WhiteTeamCountry "DEN"]
[BlackTeamCountry "DEN"]
[EventDate "2023.10.28"]
[EventType "team-tourn"]
[EventRounds "9"]
[EventCountry "DEN"]
[SourceTitle "Live v. Kasper Jerwiarz"]
[Table "8"]

1. e4 e6 2. d4 d5 3. Nc3 Nf6 4. e5 Nfd7 5. Nf3 c5 
6. dxc5 Bxc5 7. Bd3 Nc6 8. Bf4 f6 9. exf6 Nxf6 10. Qe2 O-O 
11. O-O-O a6 12. Kb1 b5 13. Ne5 Qb6 14. h4 Nxe5 15. Bxe5 Bd7 
16. g4 b4 17. g5 bxc3 18. b3 Bb5 19. gxf6 Bxd3 20. Rxd3 gxf6 
21. Rg1+ Kh8 22. Qg4 Qa7 23. Qxe6 Qf7 24. Bxf6+ Qxf6 25. Rg8+ Rxg8 
26. Qxf6+ Rg7 27. Rg3 Rag8 28. h5 Be7 29. Qxc3 h6 30. Qe5 Bg5 
31. Rxg5 1-0

[Event "Skakligaen 2023-24"]
[Site "Denmark"]
[Date "2024.04.06"]
[Round "8.1"]
[Board "1"]
[White "Ramsdal, Jens Albert"]
[Black "Hector, Jonny"]
[Result "1/2-1/2"]
[WhiteElo "2376"]
[BlackElo "2425"]
[PlyCount "48"]
[WhiteTeam "SK1968"]
[BlackTeam "Nordkalotten"]
[WhiteTeamCountry "DEN"]
[BlackTeamCountry "DEN"]
[EventDate "2023.10.28"]
[EventType "team-tourn"]
[EventRounds "9"]
[EventCountry "DEN"]
[SourceTitle "Live v. Kasper Jerwiarz"]
[Table "1"]

1. Nf3 d5 2. e3 Nc6 3. d4 Bg4 4. c4 e5 5. Qb3 Bxf3 
6. gxf3 dxc4 7. Bxc4 Qd7 8. dxe5 Na5 9. e6 fxe6 10. Bxe6 Qc6 
11. Qc3 Bb4 12. Qxb4 Qxc1+ 13. Ke2 Qxh1 14. Qxa5 Nf6 15. Qxc7 Rf8 
16. Qe5 Nd7 17. Bxd7+ Kxd7 18. Qxg7+ Ke6 19. Qg4+ Kf7 20. b3 Rad8 
21. Qf5+ Kg8 22. Qg5+ Kf7 23. Qf5+ Kg8 24. Qg5+ Kf7 1/2-1/2

[Event "Skakligaen 2023-24"]
[Site "Denmark"]
[Date "2024.04.06"]
[Round "8.2"]
[Board "2"]
[White "Brynell, Stellan"]
[Black "Thogersen, Rasmus"]
[Result "1/2-1/2"]
[WhiteElo "2402"]
[BlackElo "2312"]
[PlyCount "83"]
[WhiteTeam "Nordkalotten"]
[BlackTeam "SK1968"]
[WhiteTeamCountry "DEN"]
[BlackTeamCountry "DEN"]
[EventDate "2023.10.28"]
[EventType "team-tourn"]
[EventRounds "9"]
[EventCountry "DEN"]
[SourceTitle "Live v. Kasper Jerwiarz"]
[Table "2"]

1. d4 Nf6 2. Nf3 g6 3. c4 Bg7 4. Nc3 d5 5. Bg5 Ne4 
6. Bf4 Nxc3 7. bxc3 c5 8. cxd5 cxd4 9. cxd4 Qxd5 10. e3 O-O 
11. Be2 Nc6 12. O-O Bf5 13. Qa4 Qa5 14. Qxa5 Nxa5 15. Nd2 Rfc8 
16. Rfc1 Rxc1+ 17. Rxc1 Rc8 18. Rxc8+ Bxc8 19. Bf3 Kf8 20. Bb8 a6 
21. Bc7 Nc6 22. Nb3 Ke8 23. Nc5 Bf8 24. Kf1 e5 25. Bxc6+ bxc6 
26. Bxe5 Bxc5 27. dxc5 Ke7 28. e4 Ke6 29. Bc3 f5 30. f3 fxe4 
31. fxe4 Kf7 32. Kf2 Be6 33. a3 Bc4 34. Kf3 Ke6 35. Kf4 Bf1 
36. g3 Bd3 37. Bg7 h5 38. Ke3 Bc2 39. Kd4 Bb1 40. Bh6 Bc2 
41. Bf4 Bb1 42. Bh6 1/2-1/2

[Event "Skakligaen 2023-24"]
[Site "Denmark"]
[Date "2024.04.06"]
[Round "8.3"]
[Board "3"]
[White "Matthiesen, Arne"]
[Black "Jepson, Christian"]
[Result "1/2-1/2"]
[WhiteElo "2315"]
[BlackElo "2382"]
[PlyCount "58"]
[WhiteTeam "SK1968"]
[BlackTeam "Nordkalotten"]
[WhiteTeamCountry "DEN"]
[BlackTeamCountry "DEN"]
[EventDate "2023.10.28"]
[EventType "team-tourn"]
[EventRounds "9"]
[EventCountry "DEN"]
[SourceTitle "Live v. Kasper Jerwiarz"]
[Table "3"]

1. d4 Nf6 2. Nf3 e6 3. c4 c5 4. d5 d6 5. Nc3 exd5 
6. cxd5 g6 7. e4 Bg7 8. h3 O-O 9. Be3 Re8 10. Bd3 c4 
11. Bc2 b5 12. a3 Nbd7 13. O-O a6 14. Qd2 Bb7 15. Rfe1 Rc8 
16. Rad1 Qe7 17. Bg5 Qf8 18. Nd4 Nc5 19. f4 Nfd7 20. Kh1 h6 
21. Bh4 Nd3 22. Bxd3 Bxd4 23. Bc2 Bg7 24. Re2 Nc5 25. Rde1 Nb3 
26. Bxb3 cxb3 27. e5 Rc4 28. Bg3 f5 29. Bf2 Kh7 1/2-1/2

[Event "Skakligaen 2023-24"]
[Site "Denmark"]
[Date "2024.04.06"]
[Round "8.4"]
[Board "4"]
[White "Sylvan, Jacob"]
[Black "Matthiesen, Martin"]
[Result "1/2-1/2"]
[WhiteElo "2316"]
[BlackElo "2299"]
[PlyCount "83"]
[WhiteTeam "Nordkalotten"]
[BlackTeam "SK1968"]
[WhiteTeamCountry "DEN"]
[BlackTeamCountry "DEN"]
[EventDate "2023.10.28"]
[EventType "team-tourn"]
[EventRounds "9"]
[EventCountry "DEN"]
[SourceTitle "Live v. Kasper Jerwiarz"]
[Table "4"]

1. e4 e5 2. Nf3 Nc6 3. Bb5 a6 4. Ba4 Nf6 5. O-O Be7 
6. Re1 b5 7. Bb3 O-O 8. c3 d5 9. exd5 Nxd5 10. Nxe5 Nxe5 
11. Rxe5 c6 12. d3 Bd6 13. Re1 Bf5 14. Qf3 Qf6 15. Nd2 Qg6 
16. Bd1 Bxd3 17. Ne4 Bxe4 18. Qxe4 Qxe4 19. Rxe4 f5 20. Re6 Rfe8 
21. Rxe8+ Rxe8 22. Kf1 Kf7 23. Bf3 Rc8 24. Bd2 Nb6 25. Rd1 Nc4 
26. Bc1 Ke6 27. Be2 Ne5 28. h3 Bc7 29. Be3 g6 30. Re1 Kd7 
31. Bd4 Nf7 32. h4 Bd6 33. Bf3 Be7 34. g3 Nd6 35. Bc5 h5 
36. Kg2 Bf8 37. b4 Nc4 38. Bd4 a5 39. bxa5 Nxa5 40. Rd1 Ke6 
41. Re1+ Kd7 42. Rd1 1/2-1/2

[Event "Skakligaen 2023-24"]
[Site "Denmark"]
[Date "2024.04.06"]
[Round "8.5"]
[Board "5"]
[White "Hansen, Lars"]
[Black "Kristensen, Kaare Hove"]
[Result "0-1"]
[WhiteElo "2202"]
[BlackElo "2306"]
[PlyCount "78"]
[WhiteTeam "SK1968"]
[BlackTeam "Nordkalotten"]
[WhiteTeamCountry "DEN"]
[BlackTeamCountry "DEN"]
[EventDate "2023.10.28"]
[EventType "team-tourn"]
[EventRounds "9"]
[EventCountry "DEN"]
[SourceTitle "Live v. Kasper Jerwiarz"]
[Table "5"]

1. d4 Nf6 2. Bg5 Ne4 3. Bf4 d5 4. e3 c5 5. Nd2 Nxd2 
6. Qxd2 Nc6 7. Nf3 cxd4 8. exd4 Bf5 9. Ne5 e6 10. Be2 Be7 
11. g4 Be4 12. f3 Bg6 13. Bb5 Qb6 14. Bxc6+ bxc6 15. c3 c5 
16. Be3 f6 17. Nxg6 hxg6 18. O-O Kf7 19. Kg2 a5 20. dxc5 Bxc5 
21. Bxc5 Qxc5 22. Qd4 Qxd4 23. cxd4 Rhb8 24. b3 Rb4 25. Rac1 Ra7 
26. Rfd1 a4 27. bxa4 Rbxa4 28. Rc8 g5 29. Kg3 Rxa2 30. h4 gxh4+ 
31. Kxh4 Rg2 32. Rc3 g5+ 33. Kh3 Raa2 34. Rh1 f5 35. gxf5 exf5 
36. f4 gxf4 37. Rf3 Rg6 38. Rxf4 Ra3+ 39. Kh4 Rh6+ 0-1

[Event "Skakligaen 2023-24"]
[Site "Denmark"]
[Date "2024.04.06"]
[Round "8.6"]
[Board "6"]
[White "Jakobsen, Peter"]
[Black "Rewitz, Poul"]
[Result "1/2-1/2"]
[WhiteElo "2195"]
[BlackElo "2254"]
[PlyCount "51"]
[WhiteTeam "Nordkalotten"]
[BlackTeam "SK1968"]
[WhiteTeamCountry "DEN"]
[BlackTeamCountry "DEN"]
[EventDate "2023.10.28"]
[EventType "team-tourn"]
[EventRounds "9"]
[EventCountry "DEN"]
[SourceTitle "Live v. Kasper Jerwiarz"]
[Table "6"]

1. d4 d5 2. c4 e5 3. dxe5 d4 4. Nf3 Nc6 5. Nbd2 Nge7 
6. Nb3 Nf5 7. g3 a5 8. Bg2 Bb4+ 9. Bd2 Be7 10. O-O O-O 
11. Nc1 Be6 12. b3 f6 13. exf6 Bxf6 14. Nd3 Nd6 15. Rc1 Qe8 
16. Nc5 Bf5 17. Bf4 Qe7 18. Qd2 Nf7 19. e4 Bg4 20. e5 Bxe5 
21. Nd3 Bxf4 22. Nxf4 Qd7 23. Rfe1 Rae8 24. Rxe8 Rxe8 25. Re1 Bxf3 
26. Bxf3 1/2-1/2

[Event "Skakligaen 2023-24"]
[Site "Denmark"]
[Date "2024.04.06"]
[Round "8.7"]
[Board "7"]
[White "Christensen, Thomas K"]
[Black "Nielsen, Lars Aaes"]
[Result "1/2-1/2"]
[WhiteElo "2198"]
[BlackElo "2194"]
[PlyCount "70"]
[WhiteTeam "SK1968"]
[BlackTeam "Nordkalotten"]
[WhiteTeamCountry "DEN"]
[BlackTeamCountry "DEN"]
[EventDate "2023.10.28"]
[EventType "team-tourn"]
[EventRounds "9"]
[EventCountry "DEN"]
[SourceTitle "Live v. Kasper Jerwiarz"]
[Table "7"]

1. d4 e6 2. g3 c5 3. Nf3 Nc6 4. c4 cxd4 5. Nxd4 Qb6 
6. Nb3 Bb4+ 7. Nc3 Nf6 8. Bg2 Ne5 9. c5 Bxc5 10. O-O Be7 
11. Be3 Qd8 12. Nb5 d5 13. Rc1 Nc6 14. N3d4 Bd7 15. Qc2 O-O 
16. Nxc6 bxc6 17. Nxa7 c5 18. Bxc5 Bxc5 19. Qxc5 Qb8 20. Nc6 Bxc6 
21. Qxc6 Rxa2 22. Bf3 Rxb2 23. Kg2 h6 24. Rfd1 Qe5 25. Rd3 Qf5 
26. Ra3 Ne4 27. Ra4 Ng5 28. Bg4 Qe5 29. f4 Rxe2+ 30. Kf1 Qe3 
31. Bxe2 Nh3 32. Kg2 Qxe2+ 33. Kxh3 Qh5+ 34. Kg2 Qe2+ 35. Kh3 Qh5+ 
1/2-1/2

[Event "Skakligaen 2023-24"]
[Site "Denmark"]
[Date "2024.04.06"]
[Round "8.8"]
[Board "8"]
[White "Ejsing, Esben"]
[Black "Moller, Morten Kock"]
[Result "1-0"]
[WhiteElo "2079"]
[BlackElo "2241"]
[PlyCount "75"]
[WhiteTeam "Nordkalotten"]
[BlackTeam "SK1968"]
[WhiteTeamCountry "DEN"]
[BlackTeamCountry "DEN"]
[EventDate "2023.10.28"]
[EventType "team-tourn"]
[EventRounds "9"]
[EventCountry "DEN"]
[SourceTitle "Live v. Kasper Jerwiarz"]
[Table "8"]

1. c4 f5 2. d4 e6 3. g3 Nf6 4. Bg2 Be7 5. Nc3 O-O 
6. Nh3 d6 7. O-O c6 8. b4 e5 9. e3 Kh8 10. Bb2 Qe8 
11. b5 e4 12. bxc6 bxc6 13. f3 d5 14. cxd5 cxd5 15. Nf4 Qd7 
16. fxe4 dxe4 17. d5 Ba6 18. Ne6 Bxf1 19. Qxf1 Rf7 20. Qxf5 Bc5 
21. Rf1 Bxe3+ 22. Kh1 Na6 23. Nxe4 Nxe4 24. Qxf7 Qxf7 25. Rxf7 Nf2+ 
26. Rxf2 Bxf2 27. d6 Rb8 28. d7 Bb6 29. Bxg7+ Kg8 30. Be5 Rd8 
31. Nxd8 Bxd8 32. Bd5+ Kf8 33. Bb7 Nc7 34. Be4 h5 35. Bf3 h4 
36. gxh4 Ke7 37. h5 Kxd7 38. h6 1-0

[Event "Skakligaen 2023-24"]
[Site "Denmark"]
[Date "2024.04.07"]
[Round "9.1"]
[Board "1"]
[White "Hillarp Persson, Tiger"]
[Black "Chatalbashev, Boris"]
[Result "0-1"]
[WhiteElo "2477"]
[BlackElo "2451"]
[PlyCount "74"]
[WhiteTeam "Bronshoj"]
[BlackTeam "Fredericia"]
[WhiteTeamCountry "DEN"]
[BlackTeamCountry "DEN"]
[EventDate "2023.10.28"]
[EventType "team-tourn"]
[EventRounds "9"]
[EventCountry "DEN"]
[SourceTitle "Live v. Kasper Jerwiarz"]
[Table "1"]

1. Nf3 d5 2. g3 g6 3. Bg2 Bg7 4. O-O e5 5. d3 Ne7 
6. e4 O-O 7. a4 Nbc6 8. a5 dxe4 9. dxe4 Qxd1 10. Rxd1 Bg4 
11. c3 f5 12. Re1 f4 13. Nbd2 Rad8 14. h3 Bc8 15. Bf1 fxg3 
16. fxg3 Bh6 17. Kg2 Kg7 18. b4 a6 19. Ra2 Be6 20. Rc2 Nc8 
21. Nh2 Nd6 22. Ng4 Bxg4 23. hxg4 Rf6 24. Nf3 Bxc1 25. Rcxc1 Rdf8 
26. Re3 Nxe4 27. g5 R6f7 28. Bd3 Nd6 29. Nxe5 Rf2+ 30. Kh3 Nxe5 
31. Rxe5 Rd2 32. Re7+ Rf7 33. Re3 Rff2 34. Rce1 Nf7 35. Kg4 h5+ 
36. gxh6+ Nxh6+ 37. Kg5 Rxd3 0-1

[Event "Skakligaen 2023-24"]
[Site "Denmark"]
[Date "2024.04.07"]
[Round "9.3"]
[Board "3"]
[White "Aabling Thomsen, Jakob"]
[Black "Kanov, Nikola Krasimirov"]
[Result "1-0"]
[WhiteElo "2347"]
[BlackElo "2423"]
[PlyCount "115"]
[WhiteTeam "Bronshoj"]
[BlackTeam "Fredericia"]
[WhiteTeamCountry "DEN"]
[BlackTeamCountry "DEN"]
[EventDate "2023.10.28"]
[EventType "team-tourn"]
[EventRounds "9"]
[EventCountry "DEN"]
[SourceTitle "Live v. Kasper Jerwiarz"]
[Table "3"]

1. c4 c5 2. Nc3 Nc6 3. Nf3 e5 4. g3 g6 5. h4 d6 
6. h5 gxh5 7. Rxh5 Bg4 8. Rh1 Bg7 9. Bg2 Nge7 10. d3 Qd7 
11. Bh6 Bxh6 12. Rxh6 O-O-O 13. Qd2 Kb8 14. O-O-O Nf5 15. Rh2 f6 
16. Rdh1 Qf7 17. Ne1 Nfe7 18. Nc2 Be6 19. Ne3 Ng6 20. Kb1 Nce7 
21. Qd1 f5 22. Qb3 Rd7 23. Ned5 Nc8 24. Rh6 Qg7 25. Bf3 Rf8 
26. a3 Bg8 27. R6h5 e4 28. dxe4 fxe4 29. Nxe4 Ne5 30. Rg5 Qh8 
31. Ndf6 Rg7 32. Nxg8 Qxg8 33. Rxe5 dxe5 34. Nxc5 Nb6 35. Rd1 Rc7 
36. Qb5 Rfc8 37. Nxb7 Qxc4 38. Qxc4 Nxc4 39. Nd8 Rc5 40. Ka2 a5 
41. Bg4 Nxb2 42. Kxb2 Rb5+ 43. Ka1 Rc3 44. Be6 Rxa3+ 45. Ba2 h5 
46. Nc6+ Kc7 47. Ne7 e4 48. Nd5+ Kc6 49. Ne3 Rc3 50. Bd5+ Kc5 
51. Ka2 Rb4 52. Bf7 Rd4 53. Kb2 Rxe3 54. Rc1+ Kb4 55. fxe3 Rd2+ 
56. Rc2 Rd1 57. Bxh5 Rg1 58. Bf7 1-0

[Event "Skakligaen 2023-24"]
[Site "Denmark"]
[Date "2024.04.07"]
[Round "9.4"]
[Board "4"]
[White "Light, Bjarne"]
[Black "Bromann, Thorbjorn"]
[Result "1/2-1/2"]
[WhiteElo "2230"]
[BlackElo "2372"]
[PlyCount "40"]
[WhiteTeam "Fredericia"]
[BlackTeam "Bronshoj"]
[WhiteTeamCountry "DEN"]
[BlackTeamCountry "DEN"]
[EventDate "2023.10.28"]
[EventType "team-tourn"]
[EventRounds "9"]
[EventCountry "DEN"]
[SourceTitle "Live v. Kasper Jerwiarz"]
[Table "4"]

1. c4 e5 2. g3 Nc6 3. Bg2 d6 4. Nc3 Be6 5. d3 Qd7 
6. Rb1 g6 7. b4 Bg7 8. e3 f5 9. Nge2 Nf6 10. Nd5 O-O 
11. O-O Nd8 12. b5 Qf7 13. Nec3 Ne8 14. Bd2 c6 15. bxc6 bxc6 
16. Nb4 e4 17. Qa4 a5 18. Nxc6 Nxc6 19. Qxc6 Rc8 20. Qa4 Bxc3 
1/2-1/2

[Event "Skakligaen 2023-24"]
[Site "Denmark"]
[Date "2024.04.07"]
[Round "9.5"]
[Board "5"]
[White "Palm, Nikolaj"]
[Black "Schwarz, Frank"]
[Result "1-0"]
[WhiteElo "2267"]
[BlackElo "2252"]
[PlyCount "69"]
[WhiteTeam "Bronshoj"]
[BlackTeam "Fredericia"]
[WhiteTeamCountry "DEN"]
[BlackTeamCountry "DEN"]
[EventDate "2023.10.28"]
[EventType "team-tourn"]
[EventRounds "9"]
[EventCountry "DEN"]
[SourceTitle "Live v. Kasper Jerwiarz"]
[Table "5"]

1. d4 Nf6 2. c4 e6 3. Nc3 d5 4. Nf3 c5 5. e3 Nc6 
6. a3 a6 7. dxc5 Bxc5 8. b4 Ba7 9. c5 O-O 10. Be2 Qe7 
11. O-O Rd8 12. Qc2 e5 13. e4 d4 14. Na4 h6 15. Bd3 Be6 
16. Nd2 Rac8 17. Nc4 Bxc4 18. Qxc4 Nb8 19. Qb3 Nbd7 20. Bd2 Nf8 
21. Nb2 Ng6 22. Nc4 Ne8 23. Rae1 Rc6 24. f4 Nxf4 25. Bxf4 exf4 
26. e5 g5 27. Nd6 Ng7 28. Qd5 Ne6 29. Qe4 Nf8 30. g3 Bb8 
31. gxf4 gxf4 32. Rxf4 Bxd6 33. exd6 Qd7 34. Bc4 Ne6 35. Rxf7 1-0

[Event "Skakligaen 2023-24"]
[Site "Denmark"]
[Date "2024.04.07"]
[Round "9.6"]
[Board "6"]
[White "Pedersen, Daniel Vesterbaek"]
[Black "Falkesgaard, Jeppe Hald"]
[Result "1-0"]
[WhiteElo "2195"]
[BlackElo "2202"]
[PlyCount "99"]
[WhiteTeam "Fredericia"]
[BlackTeam "Bronshoj"]
[WhiteTeamCountry "DEN"]
[BlackTeamCountry "DEN"]
[EventDate "2023.10.28"]
[EventType "team-tourn"]
[EventRounds "9"]
[EventCountry "DEN"]
[SourceTitle "Live v. Kasper Jerwiarz"]
[Table "6"]

1. e4 c5 2. Nf3 Nc6 3. d4 cxd4 4. Nxd4 e5 5. Nb5 d6 
6. N1c3 a6 7. Na3 Be7 8. Nc4 b5 9. Ne3 Nf6 10. Bd3 O-O 
11. O-O Nb4 12. Be2 Be6 13. a3 Nc6 14. h3 Nd4 15. Bd3 Nd7 
16. b4 Rc8 17. Ncd5 Bxd5 18. Nxd5 Bg5 19. Be3 Bxe3 20. fxe3 Ne6 
21. a4 Nc7 22. axb5 axb5 23. Nxc7 Qxc7 24. Bxb5 Nf6 25. Bd3 Qb6 
26. Qe1 Rb8 27. b5 d5 28. Ra6 Qc5 29. Rc6 Qa7 30. exd5 Nxd5 
31. Rf3 Qe7 32. Bf1 Ra8 33. e4 Nf4 34. Bc4 Qg5 35. Qg3 Ra1+ 
36. Kh2 Qd8 37. Rf1 Ra4 38. Qb3 Qd2 39. Bxf7+ Kh8 40. Qf3 Qb4 
41. Bc4 Ra3 42. Qd1 Rc3 43. Bd5 Re3 44. b6 Rd8 45. Qg4 h5 
46. Qg5 Rd6 47. Rc8+ Kh7 48. Bg8+ Kh8 49. Be6+ Kh7 50. Bf5+ 1-0

[Event "Skakligaen 2023-24"]
[Site "Denmark"]
[Date "2024.04.07"]
[Round "9.7"]
[Board "7"]
[White "Holmsgaard, Henrik"]
[Black "Easwaralingam, Adesh"]
[Result "0-1"]
[WhiteElo "2157"]
[BlackElo "2158"]
[PlyCount "70"]
[WhiteTeam "Bronshoj"]
[BlackTeam "Fredericia"]
[WhiteTeamCountry "DEN"]
[BlackTeamCountry "DEN"]
[EventDate "2023.10.28"]
[EventType "team-tourn"]
[EventRounds "9"]
[EventCountry "DEN"]
[SourceTitle "Live v. Kasper Jerwiarz"]
[Table "7"]

1. e4 c5 2. Nc3 e6 3. Nf3 Nc6 4. Bb5 Qc7 5. O-O Nge7 
6. Re1 a6 7. Bxc6 Nxc6 8. d4 cxd4 9. Nxd4 Be7 10. Nxc6 bxc6 
11. e5 O-O 12. Bf4 f5 13. Qd3 c5 14. Rad1 Rb8 15. Bc1 Rb4 
16. Qe2 Bb7 17. Rd3 Rf7 18. Red1 Bc6 19. a3 Rg4 20. Rg3 Rd4 
21. Rgd3 f4 22. f3 Rf5 23. Re1 Bh4 24. Rf1 Rxe5 25. Qd1 Be7 
26. Kh1 Rxd3 27. Qxd3 Rh5 28. Ne2 Rh4 29. c4 Qe5 30. Qd2 g5 
31. Re1 Qf5 32. Nc3 Bf6 33. Ne4 Bd4 34. Qa5 Qf8 35. Nxg5 Qf6 
0-1

[Event "Skakligaen 2023-24"]
[Site "Denmark"]
[Date "2024.04.07"]
[Round "9.8"]
[Board "8"]
[White "Madsen, Michael Baehring"]
[Black "Thuesen, Mogens Henrik"]
[Result "1-0"]
[WhiteElo "2065"]
[BlackElo "2154"]
[PlyCount "61"]
[WhiteTeam "Fredericia"]
[BlackTeam "Bronshoj"]
[WhiteTeamCountry "DEN"]
[BlackTeamCountry "DEN"]
[EventDate "2023.10.28"]
[EventType "team-tourn"]
[EventRounds "9"]
[EventCountry "DEN"]
[SourceTitle "Live v. Kasper Jerwiarz"]
[Table "8"]

1. d4 Nf6 2. c4 e6 3. Nc3 d5 4. cxd5 exd5 5. Bg5 Be7 
6. e3 c6 7. Bd3 O-O 8. Nge2 Nbd7 9. Qc2 Re8 10. O-O h6 
11. Bh4 Nf8 12. f3 Ne6 13. Rad1 b5 14. Bf2 b4 15. Na4 Qa5 
16. e4 dxe4 17. fxe4 Bd7 18. Kh1 Rac8 19. Bg1 c5 20. Nxc5 Nxc5 
21. dxc5 Bxc5 22. Bxc5 Rxc5 23. Qd2 Bg4 24. a3 bxa3 25. b4 Nxe4 
26. Bxe4 Qa6 27. Bd3 Rc4 28. Rf4 Bxe2 29. Bxe2 a2 30. Bxc4 a1=Q 
31. Bxa6 1-0

[Event "Skakligaen 2023-24"]
[Site "Denmark"]
[Date "2024.04.07"]
[Round "9.1"]
[Board "1"]
[White "Hector, Jonny"]
[Black "Haubro, Martin"]
[Result "1-0"]
[WhiteElo "2425"]
[BlackElo "2437"]
[PlyCount "79"]
[WhiteTeam "Nordkalotten"]
[BlackTeam "BMS"]
[WhiteTeamCountry "DEN"]
[BlackTeamCountry "DEN"]
[EventDate "2023.10.28"]
[EventType "team-tourn"]
[EventRounds "9"]
[EventCountry "DEN"]
[SourceTitle "Live v. Kasper Jerwiarz"]
[Table "1"]

1. e4 c5 2. Nf3 d6 3. d4 cxd4 4. Nxd4 Nf6 5. Nc3 a6 
6. Bg5 e6 7. f4 Be7 8. Qf3 Qc7 9. O-O-O Nbd7 10. g4 b5 
11. Bxf6 Nxf6 12. g5 Nd7 13. h4 b4 14. Nce2 Bb7 15. Ng3 O-O 
16. Bh3 Nc5 17. Rhe1 Rfe8 18. f5 exf5 19. Bxf5 Bf8 20. Nh5 Re5 
21. Re2 Kh8 22. Rg1 g6 23. Nf6 d5 24. exd5 Rxe2 25. Nxe2 Qe5 
26. Bg4 Rd8 27. Rd1 Bg7 28. c4 h5 29. Bh3 a5 30. Nd4 Rd6 
31. Qf2 Bxf6 32. gxf6 Rxf6 33. Qd2 Kg7 34. Nb3 Ne4 35. Qd4 Qf4+ 
36. Nd2 Nxd2 37. Rxd2 Qg3 38. Bg2 Bc8 39. d6 Bd7 40. c5 1-0

[Event "Skakligaen 2023-24"]
[Site "Denmark"]
[Date "2024.04.07"]
[Round "9.2"]
[Board "2"]
[White "Kistrup, Nicolai"]
[Black "Brynell, Stellan"]
[Result "1/2-1/2"]
[WhiteElo "2307"]
[BlackElo "2402"]
[PlyCount "45"]
[WhiteTeam "BMS"]
[BlackTeam "Nordkalotten"]
[WhiteTeamCountry "DEN"]
[BlackTeamCountry "DEN"]
[EventDate "2023.10.28"]
[EventType "team-tourn"]
[EventRounds "9"]
[EventCountry "DEN"]
[SourceTitle "Live v. Kasper Jerwiarz"]
[Table "2"]

1. e4 e6 2. d4 d5 3. Nc3 Nf6 4. Bg5 dxe4 5. Nxe4 Be7 
6. Nxf6+ Bxf6 7. Bxf6 Qxf6 8. Nf3 c5 9. Qd3 Nc6 10. O-O-O cxd4 
11. Nxd4 Nxd4 12. Qxd4 Qxd4 13. Rxd4 Bd7 14. Bd3 Bc6 15. Be4 Bxe4 
16. Rxe4 Ke7 17. Rd1 Rhd8 18. Rc4 Rxd1+ 19. Kxd1 Kd6 20. Rd4+ Kc6 
21. Rc4+ Kd6 22. Rd4+ Kc6 23. Rc4+ 1/2-1/2

[Event "Skakligaen 2023-24"]
[Site "Denmark"]
[Date "2024.04.07"]
[Round "9.3"]
[Board "3"]
[White "Jepson, Christian"]
[Black "Jacobsen, Mikkel Manosri"]
[Result "1-0"]
[WhiteElo "2382"]
[BlackElo "2342"]
[PlyCount "47"]
[WhiteTeam "Nordkalotten"]
[BlackTeam "BMS"]
[WhiteTeamCountry "DEN"]
[BlackTeamCountry "DEN"]
[EventDate "2023.10.28"]
[EventType "team-tourn"]
[EventRounds "9"]
[EventCountry "DEN"]
[SourceTitle "Live v. Kasper Jerwiarz"]
[Table "3"]

1. Nf3 d5 2. c4 e6 3. g3 d4 4. Bg2 Nc6 5. O-O Nh6 
6. d3 Nf5 7. Na3 h5 8. Nc2 h4 9. b4 hxg3 10. hxg3 f6 
11. b5 Nce7 12. a4 e5 13. e3 dxe3 14. Bxe3 Be6 15. Qe2 Qd7 
16. Rfd1 O-O-O 17. Bxa7 g5 18. a5 c6 19. a6 Nd5 20. axb7+ Qxb7 
21. bxc6 Qh7 22. cxd5 Bxd5 23. Ne3 Nd4 24. Bxd4 1-0

[Event "Skakligaen 2023-24"]
[Site "Denmark"]
[Date "2024.04.07"]
[Round "9.5"]
[Board "5"]
[White "Hove, Esben Kjems"]
[Black "Haubro, Sigfred"]
[Result "1-0"]
[WhiteElo "2291"]
[BlackElo "2131"]
[PlyCount "99"]
[WhiteTeam "Nordkalotten"]
[BlackTeam "BMS"]
[WhiteTeamCountry "DEN"]
[BlackTeamCountry "DEN"]
[EventDate "2023.10.28"]
[EventType "team-tourn"]
[EventRounds "9"]
[EventCountry "DEN"]
[SourceTitle "Live v. Kasper Jerwiarz"]
[Table "5"]

1. d4 d5 2. Nf3 e6 3. g3 Be7 4. Bg2 Nf6 5. O-O O-O 
6. b3 Nbd7 7. Bb2 b6 8. c4 Bb7 9. Ne5 Rc8 10. cxd5 exd5 
11. Nd2 c6 12. Rc1 Rc7 13. Qc2 c5 14. dxc5 bxc5 15. Rfd1 Bd6 
16. Nxd7 Nxd7 17. e3 Qa8 18. Qf5 g6 19. Qg5 f6 20. Qh4 Be5 
21. Ba3 f5 22. Nf3 Qe8 23. Nxe5 Qxe5 24. Qf4 Re8 25. Qxe5 Rxe5 
26. Bb2 d4 27. Bxd4 Re6 28. Bxb7 Rxb7 29. Bxc5 Ra6 30. Rd2 Ne5 
31. Kg2 Kf7 32. Bd4 Nd7 33. Rdc2 Ke7 34. h4 Kd6 35. Rd1 Ke6 
36. Rd3 Nb8 37. Rdc3 Kd7 38. a4 Nc6 39. Bc5 Ke6 40. f4 Kd7 
41. Kf3 Nd8 42. Rd2+ Ke8 43. Ba3 Rab6 44. Rdd3 Nc6 45. g4 fxg4+ 
46. Kxg4 Nb8 47. e4 Nd7 48. e5 Kf7 49. Rd6 a5 50. e6+ 1-0

[Event "Skakligaen 2023-24"]
[Site "Denmark"]
[Date "2024.04.07"]
[Round "9.6"]
[Board "6"]
[White "Vesterli, Michael E"]
[Black "Kristensen, Kaare Hove"]
[Result "0-1"]
[WhiteElo "2207"]
[BlackElo "2306"]
[PlyCount "66"]
[WhiteTeam "BMS"]
[BlackTeam "Nordkalotten"]
[WhiteTeamCountry "DEN"]
[BlackTeamCountry "DEN"]
[EventDate "2023.10.28"]
[EventType "team-tourn"]
[EventRounds "9"]
[EventCountry "DEN"]
[SourceTitle "Live v. Kasper Jerwiarz"]
[Table "6"]

1. d4 d5 2. c4 c6 3. Nf3 Nf6 4. Nc3 dxc4 5. a4 e6 
6. e3 c5 7. Bxc4 Nc6 8. O-O cxd4 9. exd4 Be7 10. Bf4 O-O 
11. Rc1 Nb4 12. Qb3 Bd7 13. Ne5 Bc6 14. Nxc6 Nxc6 15. Qxb7 Na5 
16. Qa6 Qxd4 17. Ne2 Qb6 18. Qxb6 axb6 19. Ba2 Bc5 20. Nc3 Nc6 
21. Rfd1 Rfd8 22. Bc4 h6 23. h3 Kf8 24. g4 Ke7 25. g5 Nh5 
26. Bd2 hxg5 27. Bxg5+ f6 28. Bd2 Ne5 29. Be2 Ng3 30. Bg4 Nd3 
31. b4 Bd4 32. Bf3 Nxc1 33. Bxa8 Bxc3 0-1